| 000 | 00426nam a2200157Ia 4500 | ||
|---|---|---|---|
| 001 | 20916 | ||
| 008 | 140408s9999 xx 000 0 und d | ||
| 040 | _cPK-LaUMT | ||
| 082 |
_a 297.4 _bGHU-I |
||
| 100 | _aGhulam Fareed Bhatti | ||
| 245 |
_aIslami Inqilab aur hamari zimmah dariyan (Urdu) _cGhulam Fareed Bhatti |
||
| 260 |
_aLahore,Pakistan: _bIslamic Publications, _c1992 |
||
| 300 | _a24 p. | ||
| 546 | _aUR | ||
| 942 | _cBK | ||
| 999 |
_c21237 _d21237 |
||